00663nam a2200241 a 4500001001300000003000900013005001700022008004100039020000800080082001300088100002100101245002900122260003800151300000900189500003500198505001300233650001700246700002100263902000800284942000700292952010900299999001300408nice12345678IN_TiNIC20260116011350.0050524s1955 lona grp 000 0 eng  ac000a232bAPP aAppleton, George aJohn`s Witness to Jesus. aLondon bLutterworth Press c1955 a104p aincludes index and biblioraphy2 aAppendix aJesus Christ1 aAppleton, George bSRS cBK 001040708StackRoom-aHMIbHMId2005-05-24g0.00l0o232 APPp02535r2005-05-24v0.00w2005-05-24yBK c894d894